Eastern Utah Libraries Catalog: Duchesne, Heber, Roosevelt, & Vernal

Star Trek, Discovery. Season one / (Record no. 322681)

MARC details
000 -LEADER
fixed length control field 04148cgm a2200793Mi 4500
001 - CONTROL NUMBER
control field on1076754497
003 - CONTROL NUMBER IDENTIFIER
control field OCoLC
005 - DATE AND TIME OF LATEST TRANSACTION
control field 20251124124817.0
007 - PHYSICAL DESCRIPTION FIXED FIELD--GENERAL INFORMATION
fixed length control field vd cvaizu
008 - FIXED-LENGTH DATA ELEMENTS--GENERAL INFORMATION
fixed length control field 181101s2018 cau671 g vleng d
024 1# - OTHER STANDARD IDENTIFIER
Standard number or code 032429311306
024 7# - OTHER STANDARD IDENTIFIER
Standard number or code 00032429311306
Source of number or code gtin-14
028 42 - PUBLISHER NUMBER
Publisher number 59199159000
Source Paramount
035 ## - SYSTEM CONTROL NUMBER
System control number (OCoLC)1076754497
Canceled/invalid control number (OCoLC)1098726458
040 ## - CATALOGING SOURCE
Original cataloging agency ONT
Language of cataloging eng
Description conventions rda
Transcribing agency ONT
Modifying agency OCLCO
-- OCLCF
-- OCLCQ
-- OCLCO
-- WACOL
041 1# - LANGUAGE CODE
Language code of text/sound track or separate title eng
-- fre
Language code of original and/or intermediate translations of text eng
043 ## - GEOGRAPHIC AREA CODE
Geographic area code zo-----
046 ## - SPECIAL CODED DATES
Beginning or single date created 2017
Ending date created 2018
049 ## - LOCAL HOLDINGS (OCLC)
Holding library WACL
050 14 - LIBRARY OF CONGRESS CALL NUMBER
Classification number PN1992.77
Item number .S73 2018
082 04 - DEWEY DECIMAL CLASSIFICATION NUMBER
Classification number 791.45/72
Edition number 23
092 ## - LOCALLY ASSIGNED DEWEY CALL NUMBER (OCLC)
Classification number DVD
Item number Sta
130 0# - MAIN ENTRY--UNIFORM TITLE
Uniform title Star trek: Discovery (Television program).
Number of part/section of a work Season 1.
9 (RLIN) 6014544
245 10 - TITLE STATEMENT
Title Star Trek, Discovery. Season one /
246 30 - VARYING FORM OF TITLE
Title proper/short title Star Trek, Discovery
Number of part/section of a work Season 1
250 ## - EDITION STATEMENT
Edition statement DVD ed.
264 #1 - Production, Publication, Distribution, Manufacture, and Copyright Notice.
Place of production, publication, distribution, manufacture Hollywood, California :
Name of producer, publisher, distributor, manufacturer Paramount, created by Bryan Fuller, Alex Kurtzman ; produced by Aaron Baiers, Jill Danton, Geoffrey Hemwall, April Nocifora, Kevin Lafferty [and others] ; written by Bryan Fuller, Akiva Goldsman, Gretchen J. Berg, Aaron Harberts, Craig Sweeny [and others] ; directed by David Semel, Adam Kane, Akiva Goldsman, Olatunde Osunsanmi, Lee Rose [and others].
Date of production, publication, distribution, manufacture, or copyr [2018]
300 ## - PHYSICAL DESCRIPTION
Extent 4 videodiscs (671 min.) :
Other physical details sound, color ;
Dimensions 4 3/4 in.
336 ## - Content Type
Content type term two-dimensional moving image
337 ## - Media type
Media type term video
338 ## - Carrier type
Carrier type term videodisc
500 ## - GENERAL NOTE
General note Based upon "Star Trek" created by Gene Roddenberry.
500 ## - GENERAL NOTE
General note Wide screen.
500 ## - GENERAL NOTE
General note Features: cast and crew interviews, deleted scenes, featurettes.
505 0# - FORMATTED CONTENTS NOTE
Formatted contents note The Vulcan hello -- Battle at the binary stars -- Context is for kings -- The butcher's knife cares not for the lamb's cry -- Choose your pain -- Lethe -- Magic to make the sanest man go mad -- Si vis pacem, para bellum -- Into the forest I go -- Despite yourself -- The wolf inside -- Vaulting ambition -- What's past is prologue -- The war without, the war within -- Will you take my hand?
511 1# - PARTICIPANT OR PERFORMER NOTE
Participant or performer note Sonequa Martin-Green, Doug Jones, Shazad Latif, Anthony Rapp, Mary Wiseman, Jason Isaacs.
518 ## - DATE/TIME AND PLACE OF AN EVENT NOTE
Date/time and place of an event note Originally broadcast on television 2017-2018.
520 ## - SUMMARY, ETC.
Summary, etc Follow the adventures of the crew of the spaceship Discovery as they travel through the universe and encounter alien life forms.
521 8# - TARGET AUDIENCE NOTE
Target audience note TV rating: Not rated.
521 ## - TARGET AUDIENCE NOTE
Target audience note DVD
Source Midwest Tape
540 ## - TERMS GOVERNING USE AND REPRODUCTION NOTE
Terms governing use and reproduction For private home use only.
546 ## - LANGUAGE NOTE
Language note In English or French with optional English, French, or Portuguese subtitles.
650 #0 - SUBJECT ADDED ENTRY--TOPICAL TERM
Topical term or geographic name as entry element Human-alien encounters
Form subdivision Drama.
9 (RLIN) 5698344
650 #0 - SUBJECT ADDED ENTRY--TOPICAL TERM
Topical term or geographic name as entry element Interplanetary voyages
Form subdivision Drama.
9 (RLIN) 5685815
650 #0 - SUBJECT ADDED ENTRY--TOPICAL TERM
Topical term or geographic name as entry element Space ships
Form subdivision Drama.
9 (RLIN) 5807270
650 #7 - SUBJECT ADDED ENTRY--TOPICAL TERM
Topical term or geographic name as entry element Human-alien encounters.
Source of heading or term fast
9 (RLIN) 6014547
650 #7 - SUBJECT ADDED ENTRY--TOPICAL TERM
Topical term or geographic name as entry element Interplanetary voyages.
Source of heading or term fast
9 (RLIN) 6014549
650 #7 - SUBJECT ADDED ENTRY--TOPICAL TERM
Topical term or geographic name as entry element Space ships.
Source of heading or term fast
9 (RLIN) 91948
651 #0 - SUBJECT ADDED ENTRY--GEOGRAPHIC NAME
Geographic name Outer space
General subdivision Exploration
Form subdivision Drama.
9 (RLIN) 5730716
655 #7 - INDEX TERM--GENRE/FORM
Genre/form data or focus term Action and adventure television programs.
Source of term fast
9 (RLIN) 5676921
655 #7 - INDEX TERM--GENRE/FORM
Genre/form data or focus term Drama.
Source of term fast
9 (RLIN) 5673873
655 #7 - INDEX TERM--GENRE/FORM
Genre/form data or focus term Fiction television programs.
Source of term fast
9 (RLIN) 5673656
655 #7 - INDEX TERM--GENRE/FORM
Genre/form data or focus term Science fiction television programs.
Source of term fast
9 (RLIN) 102754
655 #7 - INDEX TERM--GENRE/FORM
Genre/form data or focus term Television series.
Source of term fast
9 (RLIN) 5674288
655 #7 - INDEX TERM--GENRE/FORM
Genre/form data or focus term Science fiction television programs.
Source of term lcgft
9 (RLIN) 102754
655 #7 - INDEX TERM--GENRE/FORM
Genre/form data or focus term Action and adventure television programs.
Source of term lcgft
9 (RLIN) 5676921
655 #7 - INDEX TERM--GENRE/FORM
Genre/form data or focus term Television series.
Source of term lcgft
9 (RLIN) 5674288
655 #7 - INDEX TERM--GENRE/FORM
Genre/form data or focus term Fiction television programs.
Source of term lcgft
9 (RLIN) 5673656
700 1# - ADDED ENTRY--PERSONAL NAME
Personal name Semel, David,
Relator term director.
9 (RLIN) 6014550
700 1# - ADDED ENTRY--PERSONAL NAME
Personal name Kane, Adam,
Relator term director.
9 (RLIN) 6014551
700 1# - ADDED ENTRY--PERSONAL NAME
Personal name Martin, Sonequa,
Relator term actor.
9 (RLIN) 6014552
700 1# - ADDED ENTRY--PERSONAL NAME
Personal name Jones, Doug,
Dates associated with a name 1960-
Relator term actor.
9 (RLIN) 5729142
700 1# - ADDED ENTRY--PERSONAL NAME
Personal name Latif, Shazad,
Dates associated with a name 1988-
Relator term actor.
9 (RLIN) 6014553
700 1# - ADDED ENTRY--PERSONAL NAME
Personal name Roddenberry, Gene.
9 (RLIN) 10046
730 02 - ADDED ENTRY--UNIFORM TITLE
Uniform title Star trek: Discovery (Television program).
Number of part/section of a work Season 1.
Language of a work French.
9 (RLIN) 6014554
775 08 - OTHER EDITION ENTRY
Display text Reproduction of (manifestation):
Uniform title Star Trek, Discovery (Television program). Season 1.
Title Star Trek, Discovery. Season one.
Place, publisher, and date of publication Hollywood, California : Paramount, [2018]
Physical description 4 videodiscs (375 min.) : sound, color ; 4 3/4 in.
Other item identifier 032429311290
942 ## - ADDED ENTRY ELEMENTS (KOHA)
Koha item type DVD
Source of classification or shelving scheme Dewey Decimal Classification
948 ## - LOCAL PROCESSING INFORMATION (OCLC); SERIES PART DESIGNATOR (RLIN)
Series part designator, SPT (RLIN) 11/19/2019
z (OCLC) Sirsi
Holdings
Withdrawn status Lost status Source of classification or shelving scheme Materials specified (bound volume or other part) Damaged status Not for loan Collection code Home library Current library Shelving location Date acquired Source of acquisition Cost, normal purchase price Total Checkouts Total Renewals Full call number Barcode Date last seen Date checked out Cost, replacement price Price effective from Koha item type
    Dewey Decimal Classification .CIRCNOTE. 4 discs     Television Series Wasatch County Library Wasatch County Library Audio Visual Area 11/19/2019   49.99 20 19 TV Series Star Trek Discovery #3 34301001658063 01/02/2026 12/19/2025 49.99 03/20/2020 DVD Series
This project was made possible through a grant from the Institute of Museum and Library Service administered by the Utah State Library Division.

Wasatch County Library

  • 465 East 1200 South, Heber City, Utah 84032
  • Phone 435-654-1511 | Fax 435-654-6456

Hours

  • Monday - Friday 9:30 AM - 8:00 PM
  • Saturday 9:30 AM - 1:30 PM
  • Closed Sundays and Holidays